000 00249nam a2200097Ia 4500
008 230524s9999 xx 000 0 und d
245 0 _aOrissa Service Code (Compilation)
500 _aQuantity Number: 1
650 _aMiscellaneous
_91877
942 _cBK
999 _c51163
_d51163